000
002500000a22000970004500
100
1
_a
Hill, Jo
245
1
0
_a
Mum's the word : Back to Tajikistan -featured last christmas
300
_a
Num. 21 (2002), Páginas 22-23
773
0
_t
Teartimes
942
_c
ANA
999
_c
56008
_d
56008